| 000 | 00649naa a2200193 a 4500 | ||
|---|---|---|---|
| 001 | 81135 | ||
| 003 | BD-RjUL | ||
| 005 | 20230129121159.0 | ||
| 008 | 230129s1954 u ||||| |||| 00| 0 ara d | ||
| 035 | _a(BD-RjUL)81135 | ||
| 040 |
_aBD-RjUL _beng _cBD-RjUL |
||
| 041 | _aara | ||
| 082 |
_223 _a297.01 _bGHK 1954 |
||
| 245 |
_a كيف اعردنا النفوس للثورة صور من مفاس العهد البائر kayf aeradna alnufus lilthawrat suar min mufas aleahd albayir / _cMohamed Ghorab محمد غراب |
||
| 260 |
_aMisr : _bMatbat alshabkishy, _c1954 |
||
| 300 |
_a223 p. ; _c22 cm |
||
| 650 |
_a Islam _96731 |
||
| 942 |
_2ddc _cBK |
||
| 999 |
_c81135 _d81135 |
||